{"text_format":"1","workbook":"xlsx","n_sheets":1,"sheets":["ІП-2022"],"not_rendered":{"charts":0,"images":0,"macros":1,"external_links":0,"defined_names":5,"comments":0,"pivot_tables":0},"unopened":[],"bounds":{"document_bytes":16777216,"sheet_cells":100000,"rows_first":2000,"rows_last":500,"rows_between":2000,"halvings":0,"cell_chars":16384,"cell_head_chars":4096},"cells_cut":0,"cells_raw":0,"read":"whole","date_system":"1900"}

{"sheet":"ІП-2022","index":0,"n_rows":164,"n_cols":21,"rows_kept":164,"cut":false,"hidden":false,"merged":[[163,5,163,6],[0,0,0,17],[4,10,4,11],[1,0,1,17],[4,2,5,2],[4,3,5,3],[2,0,5,0],[4,4,5,4],[2,2,2,17],[3,7,5,7],[3,8,5,8],[3,9,5,9],[3,10,3,17],[4,12,4,17],[3,2,3,6],[4,5,4,6],[2,1,5,1],[124,14,124,15],[126,14,126,15],[140,14,140,15],[25,1,26,1],[23,2,24,2],[23,3,24,3],[23,4,24,4],[23,5,24,5],[23,6,24,6],[25,2,26,2],[25,3,26,3],[25,4,26,4],[25,5,26,5],[25,6,26,6],[25,0,26,0],[25,7,26,7],[25,8,26,8],[25,9,26,9],[23,0,24,0],[23,1,24,1],[23,7,24,7],[23,8,24,8],[23,9,24,9]]}
[null,null,null,null,null,null,null,null,null,null,null,null,null,null,null,null,null,null,null,null,"викл"]
["Приватне акціонерне товариство \"Підприємство з експлуатації електричних мереж \"Центральна енергетична компанія\" повідмляє про початок відкритого обговорення щодо Проекту інвестиційної програми ПрАТ \"ПЕЕМ \"ЦЕК\" на 2022 рік. \nПропозиції та зауваження щодо оприлюдненого Проекту надсилати на адресу: вул. Дмитра Кедріна, 28 м. Дніпро, 49008, або на e-mail: kanc@cek.dp.ua у період з 04.08.2021 до 16.08.2021. Детальна інформація  - на сайті: cek.dp.ua"]
["№ з/п","Найменування заходів інвестиційної програми","Формування"]
[null,null,"Прогноз подання на захист в НКРЕКП",null,null,null,null,"Рік виготовлення (актуалізації)  проекту","Наявність заходу в Плані розвитку ОСР","Наявність заходу в Схемі перспективного розвитку","Трансформатор"]
[null,null,"Одиниця виміру","Вартість одиниці продукції,\nтис. грн.                                                                                                                                                                                                                                                                                                                                                                                            (без ПДВ)","Кількість","Усього",null,null,null,null,"Експертний висновок про непригодність три-ра",null,"Трансформатор новий"]
[null,null,null,null,null,"тис. грн.                                                                                                                                                                                                                                                                                                                                                                            (без ПДВ)","тис. грн.                                                                                                                                                                                                                                                                                                                                                                            (з ПДВ)",null,null,null,"Організація","Номер і дата видачі","Ціна НКРЕКП\nна тр-ри, \nтис. грн. (з ПДВ)","Прайс виробника \n(№ дата)","Можливість перемикання на 20 кВ","Тип обладнання","Термін експлуатації","Група з`єднань обмоток тр-ра МГТ"]
[1,{"$f":"A7+1","v":2},3,4,5,6,7,8,9,10,11,12,13,14,15,16,17,18]
["І","Будівництво, модернізація та реконструкція електричних мереж та обладнання"]
["І.1","Розвиток, модернізація та будівництво\nелектричних мереж у т.ч.\n",null,null,null,{"$f":"F13+F22+F28+F63+F10","v":166698.815},{"$f":"F9*1.2","v":200038.57800000001}]
["І.1.1","Технічне переоснащення ПС 35 кВ",null,null,null,{"$f":"F11+F12","v":36293.06},{"$f":"G11+G12","v":43551.671999999999}]
["І.1.1.1","Технічне переоснащення трансформаторної підстанції 35/6 кВ Молзавод\" (3 черга)","шт.",10047.75,1,10047.75,{"$f":"F11*1.2","v":12057.3},2018,"так","так","ДП \" ВІННИЦЬКИЙ ЕКСПЕРТНО-ТЕХНІЧНИЙ ЦЕНТР ДЕРЖПРАЦІ\"","№05.09.04-127.17 від 28.12.17",null,null,null,"ТМН-4000/35/6",null,"Y/∆-11"]
["І.1.1.2","Технічне переоснащення трансформаторної підстанції 35/6 кВ  \"Рахманово\"","шт.",26245.31,1,26245.31,31494.371999999999,2018,"так","так"]
["І.2","Технічне переоснащення ТП з заміною тр-рів",null,null,{"$f":"SUM(E15:E21)","v":7},{"$f":"SUM(F15:F21)","v":1750},{"$f":"F13*1.2","v":2100}]
["І.2.1","Технічне переоснащення ТП - 6/0,4 кВ з заміною тр-ра типу ТМ-630/6/0,4 на тр-р типу ТМГ-630/6/0,4"]
["І.2.1.1","ТП-124          2Т        м. Дніпро, вул. Дмитра Кедріна, 38Д","шт.",250,1,250,{"$f":"F15*1.2","v":300},null,"так","так",null,null,null,null,null,"ТМГ-630/6/0,4",null,"Δ/Yн-11"]
["І.2.1.2","ТП-207          1Т        м. Дніпро, вул. Новокримська, 4Д","шт.",250,1,250,{"$f":"F16*1.2","v":300},null,"так","так",null,null,null,null,null,"ТМГ-630/6/0,4",null,"Δ/Yн-11"]
["І.2.1.3","ТП-6            1Т          м. Вільногірськ, вул. Центральна, 31б","шт.",250,1,250,{"$f":"F17*1.2","v":300},null,"так","так",null,null,null,null,null,"ТМГ-630/6/0,4",null,"Δ/Yн-11"]
["І.2.1.4","ТП-10          1Т          м. Вільногірськ, вул. Гагаріна, 5а","шт.",250,1,250,{"$f":"F18*1.2","v":300},null,"так","так",null,null,null,null,null,"ТМГ-630/6/0,4",null,"Δ/Yн-11"]
["І.2.1.5","ТП-25           2Т         м. Павлоград, вул. Сташкова, 13А","шт.",250,1,250,{"$f":"F19*1.2","v":300},null,"так","так",null,null,null,null,null,"ТМГ-630/6/0,4",null,"Δ/Yн-11"]
["І.2.1.6","ТП-14П       1Т          м. Павлоград, вул. Достоєвського, 3А","шт.",250,1,250,300,null,"так","так",null,null,null,null,null,"ТМГ-630/6/0,4",null,"Δ/Yн-11"]
["І.2.1.7","ТП-13            1Т        м. Павлоград, вул. Заводська, 26А","шт.",250,1,250,{"$f":"F21*1.2","v":300},null,"так","так",null,null,null,null,null,"ТМГ-630/6/0,4",null,"Δ/Yн-11"]
["І.3","Будівництво розвантажувального КТП",null,null,3,{"$f":"SUM(F23:F26)","v":10383.77},{"$f":"F22*1.2","v":12460.523999999999}]
["І.3.1"," \"Будівництво розвантажувального КТП 6 кВ для переведення навантаження ПЛ-0,4 кВ ТП-35 РБ-13, РБ-14 та КЛ-0,4 кВ ТП-25 РБ-4, РБ-11 до буд. №2, 4 по Вул. Г. України, КЛ-0,4 кВ ТП-25 РБ-11 до буд. №6 по вул. Г. України м. Павлоград\"","шт",3000.3,1,3000.3,{"$f":"F23*1.2","v":3600.36},2020,"так","так",null,null,null,null,null,"ТМГ-1000/6/0,4",null,"Δ/Yн-11"]
["І.3.2","\"Будівництво розвантажувального КТП-6/0,4 кВ з АВР для переведення навантаження ТП-9к, м. Дніпро\"","шт",1779.28,1,{"$f":"E24*D24","v":1779.28},{"$f":"F24*1.2","v":2135.136},2020,"так","так",null,null,null,null,null,"ТМГ-250/6/0,4",null,"Δ/Yн-11"]
[null,null,null,null,null,null,null,null,null,null,null,null,null,null,null,"ТМГ-250/6/0,4",null,"Δ/Yн-11"]
["І.3.4","\"Будівництво розвантажувального КТП-6/0,4 кВ з заміною проводу АС на СІП існуючих ПЛ-0,4 кВ від КТП-861 РБ-5, РБ-13 по вул. Спортивна, та вул. Вишнева  м. Кривий Ріг ","шт",5604.19,1,5604.19,{"$f":"F26*1.2","v":6725.0279999999993},2020,"так","так",null,null,null,null,null,"ТМГ-63/6/0,4",null,"Δ/Yн-11"]
[null,null,null,null,null,null,null,null,null,null,null,null,null,null,null,"ТМГ-160/6/0,4",null,"Δ/Yн-11"]
["І.4","Реконструкція ЛЕП",null,null,null,{"$f":"F29+F32+F36","v":41104.645000000004},{"$f":"F28*1.2","v":49325.574000000001}]
["І.4.1","Реконструкція КЛ-0,4 кВ",null,null,2,{"$f":"SUM(F30:F31)","v":1646.81},{"$f":"F29*1.2","v":1976.1719999999998}]
["І.4.1.1","Реконструкція кабельної лінії 0,4 кВ ТП-35ш АВ-3 до буд. №11 по вул. Гладкова, м. Дніпро","км",{"$f":"F30/E30","v":2750.4285714285711},7.0000000000000007E-2,192.53,{"$f":"F30*1.2","v":231.036},null,"так","так"]
["І.4.1.2","Реконструкція КЛ-0,4 кВ ТП-116 РБ-5 до щит. №1, КЛ-0,4 кВ ТП-116 РБ-12 до щит. №2, КЛ-0,4 кВ від щитової  №1 жо щитової №2 буд. №7 по пров. Ялицевий м. Дніпро","км",{"$f":"F31/E31","v":2308.3809523809523},0.63,1454.28,{"$f":"F31*1.2","v":1745.136},null,"так","так"]
["І.4.2","Реконструкція ПЛ-6 кВ",null,null,null,{"$f":"SUM(F33:F35)","v":30312.22},{"$f":"F32*1.2","v":36374.663999999997}]
["І.4.2.1","Реконструкція ПЛ-6 кВ Л-5-29 від ком. 14 ПС-35/6 кВ №5 до ком. 10 ПС-35/6 кВ №29 (з відгал.)  м. Жовті Води, ЖвРЕМ ","км",{"$f":"F33/E33","v":1334.2442653440794},8.0649999999999995,10760.68,{"$f":"F33*1.2","v":12912.816000000001},null,"так","так"]
["І.4.2.2","Будівництво ПЛІ-6 кВ ЗТП-8 ком. №3-ЗТП-168 ком. №6 смт. Дніпровське","км",3386.5000000000005,0.74,2506.0100000000002,3007.212,2020,"так","так"]
["І.4.2.3","Реконструкція повітряно-кабельної лінії 6 кВ ПС-5 35/6 кВ ком. 27, ком. 28 – ПС-30 ком. 11, ком. 12, м. Жовті Води","км",7043.6074380165282,2.42,17045.53,20454.635999999999,2019,"так","так"]
["І.4.3","Реконструкція ПЛ-0,4 кВ з заміною неізольованого проводу на СІП",null,null,null,{"$f":"SUM(F37:F62)","v":9145.6149999999998},{"$f":"F36*1.2","v":10974.737999999999}]
["І.4.3.1","Реконструкція ПЛ-0,4 кВ ЗТП-160 РБ-3  смт. Дніпровське, ВгРЕМ","км",376.54545454545456,0.77,289.94,347.928,null,"так","так"]
["І.4.3.2","Реконструкція ПЛ-0,4 кВ ТП-37 РБ-3 , м. Вільногірськ,  ВгРЕМ","км",768.6746987951808,0.498,382.8,459.36,null,"так","так"]
["І.4.3.3","Реконструкція ПЛ-0,4 кВ КТП-3 РБ-3 с.Вільне, Криворізький район, КрРЕМ","км",782.98181818181808,0.55000000000000004,430.64,516.76799999999992,null,"так","так"]
["І.4.3.4","\"Реконструкція ПЛ-0,4 кВ від КТП-3 РБ-2  с.Вільне, Криворізький район, КрРЕМ","км",1185.6000000000001,0.3,355.68,426.81599999999997,null,"так","так"]
["І.4.3.5","Реконструкція ПЛ-0,4 кВ від КТП-578 РБ-1 с. Хащеве, дільниця Гвардійська, ПвРЕМ","км",544.58823529411768,0.51,277.74,333.28800000000001,null,"так","так"]
["І.4.3.6","Реконструкція ПЛ 0,4 кВ ТП-102  РБ-5, м. Дніпро,  ДнРЕМ","км",1058.0144404332129,0.27700000000000002,293.07,351.68399999999997,null,"так","так"]
["І.4.3.7","Реконструкція ПЛ 0,4 кВ ТП-103 РБ-1, м. Дніпро,  ДнРЕМ","км",850.00000000000011,0.35799999999999998,304.3,365.16,null,"так","так"]
["І.4.3.8","Реконструкція ПЛ 0,4 кВ ТП-103 РБ-9, м. Дніпро,  ДнРЕМ","км",691.85950413223145,0.24199999999999999,167.43,200.916,null,"так","так"]
["І.4.3.9","Реконструкція ПЛ 0,4 кВ ТП -231 РБ - 10, м. Дніпро,  ДнРЕМ","км",650.98712446351931,0.23300000000000001,151.68,182.01599999999999,null,"так","так"]
["І.4.3.10","Реконструкція ПЛ 0,4 кВ ТП - 238 РБ - 5, м. Дніпро, ДнРЕМ","км",589.75257731958754,0.48499999999999999,286.02999999999997,343.23599999999993,null,"так","так"]
["І.4.3.11","Реконструкція ПЛ 0,4 кВ ТП - 238 РБ - 7, м. Дніпро, ДнРЕМ","км",635.74418604651169,0.215,136.685,164.02199999999999,null,"так","так"]
["І.4.3.12","Реконструкція ПЛ 0,4 кВ ТП- 116  РБ-2, м. Дніпро, ДнРЕМ","км",{"$f":"F48/E48","v":618.67052023121391},0.17299999999999999,107.03,128.43600000000001,null,"так","так"]
["І.4.3.13","Реконструкція ПЛ 0,4 кВ ТП - 238 РБ - 19, м.Дніпро, ДнРЕМ","км",{"$f":"F49/E49","v":771.63701067615659},0.28100000000000003,216.83,260.19600000000003,null,"так","так"]
["І.4.3.14","Реконструкція ПЛ-0,4 кВ ТП-111-1  АВ-6, м. Жовті Води","км",{"$f":"F50/E50","v":849.99999999999989},0.46200000000000002,392.7,471.23999999999995,null,"так","так"]
["І.4.3.15","Реконструкція ПЛ-0,4 кВ ТП-111-1  РБ-5, м. Жовті Води","км",850,0.504,428.4,514.07999999999993,null,"так","так"]
["І.4.3.16","Реконструкція ПЛ-0,4 кВ ТП-222  АВ-3, м. Жовті Води","км",{"$f":"F52/E52","v":426.55480984340039},0.44700000000000001,190.67,228.80399999999997,null,"так","так"]
["І.4.3.17","Реконструкція ПЛ-0,4 кВ від ЗТП-159 РБ-2 №Л-301б  смт. Гвардійське ПвРЕМ","км",{"$f":"F53/E53","v":1002.1999999999999},0.2,200.44,240.52799999999999,null,"так","так"]
["І.4.3.18","Реконструкція ПЛ 0,4 кВ ТП -303 РБ -8, м. Дніпро","км",786.40127388535029,0.314,246.93,296.31599999999997,null,"так","так"]
["І.4.3.19","РеконструкціяПЛ 0,4 кВ ТП - 303 РБ -12, м. Дніпро","км",958.79464285714289,0.224,214.77,257.72399999999999,null,"так","так"]
["І.4.3.20","Реконструкція ПЛ 0,4кВ ТП - 303 РБ - 6, м. Дніпро","км",719.99999999999989,0.16600000000000001,119.52,143.42399999999998,null,"так","так"]
["І.4.3.21","Реконструкція ПЛ 0,4 ТП - 324 РБ - 2, м. Дніпро","км",1195.9803921568628,0.10199999999999999,121.99,146.38799999999998,null,"так","так"]
["І.4.3.22","Реконструкція ПЛ 0,4 ТП - 324 РБ - 5, м. Дніпро","км",720,0.89900000000000002,647.28,776.73599999999999,null,"так","так"]
["І.4.3.23","Реконструкція ПЛ 0,4 кВ ТП - 332 РБ - 5, м. Дніпро","км",797.14876033057851,0.48399999999999999,385.82,462.98399999999998,null,"так","так"]
["І.4.3.24","Реконструкція ПЛ-0,4 кВ ТП-13 АВ-1 з встановленням додаткового комутаційного апарата, м. Жовті Води","км",749.67422096317284,1.4119999999999999,1058.54,1270.2479999999998,null,"так","так"]
["І.4.3.25","Реконструкція ПЛ-0,4 кВ ТП-13 АВ-2 з встановленням додаткового комутаційного апарата, м. Жовті Води","км",537.14993804213145,2.4209999999999998,1300.44,1560.528,null,"так","так"]
["І.4.3.26","Реконструкція ПЛ-0,4 кВ ТП-19  РБ-7, м. Жовті Води","км",1009.815668202765,0.434,438.26,525.91199999999992,null,"так","так"]
["І.5","Реконструкція ПС 35-150 кВ",null,null,null,{"$f":"SUM(F64:F66)","v":77167.34},{"$f":"F63*1.2","v":92600.80799999999}]
["І.5.1","Реконструкції з заміною МВ-150кВ на елегазові вимикачі 150 кВ на ПС 150/10/6кВ \"ПЛМ\"","шт.",16187.41,1,16187.41,19424.892,2020,"так","так"]
["І.5.2","Реконструкція схеми живлення м. Жовті Води з підвищенням надійності. Реконструкція підстанції 35/6 \"С-35\"  (1 черга)","шт.",48582.22,1,{"$f":"E65*D65","v":48582.22},58298.663999999997]
["І.5.3","Реконструкция ПС 35/6 кВ \"С-35\" 2. 3 етап +АСДТК м. Жовті Води, Дніпропетровської обл.","шт.",12397.71,1,12397.71,{"$f":"F66*1.2","v":14877.251999999999},2017,"так","так",null,null,null,"№ 1/114-593 від 02.08.2019","Присутня","ТМН-4000/35/6","30 років","У/Д-11"]
["І.6","Проєктні роботи",null,null,null,{"$f":"SUM(F68:F85)","v":2266.1799999999998},{"$f":"F67*1.2","v":2719.4159999999997}]
["І.6.1","Розробка проектної документації  \"Реконструкція КЛ-6 кВ ГПП-2 ПрАТ \"ІнтерМікро Дельта Інк\" ком.№208-ТП-8к  ком.№5; КЛ-6 кВ ГПП-2 ПрАТ \"ІнтерМікро Дельта Інк\" ком.№218-ТП-8к  ком.№6,  ДнРЕМ\"","км",{"$f":"F68/E68","v":67.43150684931507},1.46,98.45,118.14,null,"так","так"]
["І.6.2","Розробка проектної документації  \"Реконструкція КЛ 6 ТП-5 ком.№7 - ТП-10 ком.№3 ПвРЕМ\"","км",{"$f":"F69/E69","v":64},1.5,96,115.19999999999999,null,"так","так"]
["І.6.3","Розробка проектної документації  \"Технічне переоснащення (заміна проводу) ПЛ-6 кВ Л-ПС «С-6» – ПП-1; ПЛ-6 кВ Л-ПП-1 – ПП-2 та ПЛ-6 кВ Л-ПС-1 – ПП-1 (з встановленням реклоузерів - 2шт), м. Жовті Води, ЖвРЕМ\" ","км",40.091638029782359,8.73,350,420,null,"так","так"]
["І.6.4","Розробка проектної документації \"Реконструкція ЦРП-1 РУ-6 кВ з установкою секційного вакуумного вимикача, м. Дніпро \".","шт.",50,1,64.41,77.291999999999987,null,"так","так"]
["І.6.5","Розробка проектної документації \"Реконструкція ЦРП-3 РУ-6 кВ з установкою секційного вакуумного вимикача\".","шт.",50,1,64.41,77.291999999999987,null,"так","так"]
["І.6.6","Розробка проектної документації \"Будівництво ЩТП для розвантаження  ПЛ-0,4 кВ ТП-107  РБ-1, РБ-2, РБ-4, РБ-5 та  ТП-26  АВ-1, АВ-2 з реконструкцією ПЛ-0,4 кВ м. Жовті Води, ЖвРЕМ\"","шт.",180,1,180,216,null,"так","так"]
["І.6.7","Розробка проектної документації \"Технічне переоснащення трансформаторної підстанції  ПС \"Наклонноствольна 150/6 кВ\" з організацією ПРВВ та АСДТК\"","шт.",230,1,208.78,250.536,null,"так","так"]
["І.6.8","Розробка проектної документації \"Технічне переоснащення трансформаторної підстанції  ПС 154/10/6 кВ \"ПЛМ\" з організацією ПРВВ та АСДТК\"","шт.",260,1,202.77,243.32400000000001,null,"так","так"]
["І.6.9","Розробка проектної документації \"Будівництво розвантажувального ЩТП 6 кВ для переведення навантаження ПЛ-0,4 кВ ТП-7к РБ-7 з реконструкцією ПЛ-0,4 кВ м. Дніпро, ДнРЕМ\"","шт.",190,1,101.21,121.45199999999998,null,"так","так"]
["І.6.10","Розробка проектної документації \"Будівництво розвантажувального ЩТП 6 кВ для переведення навантаження ПЛ-0,4 кВ ПЛ-0,4 кВ КТП-11к РБ-3 з реконструкцією ПЛ-0,4 кВ м. Дніпро, ДнРЕМ\"","шт.",250,1,108.33,129.99599999999998,null,"так","так"]
["І.6.11","Розробка проектної документації \"Будівництво розвантажувального ЩТП 6 кВ для переведення навантаження ПЛ-0,4 кВ КТП-532 РБ-2 з реконструкцією ПЛ-0,4 кВ м. Дніпро, ДнРЕМ\"","шт.",195,1,195,234,null,"так","так"]
["І.6.12","Розробка проектної документації \"Будівництво КЛ-6 кВ ТП-304 ком.5 - КТП-334 ком.4 м. Дніпро\"","км.",{"$f":"F79/E79","v":142.6046511627907},0.43,61.32,73.584000000000003,null,"так","так"]
["І.6.13","Розробка проектної документації \"Реконструкція КЛ-6 кВ ТП-33 ком.6 - ТП-29 ком.1 м. Дніпро, ДнРЕМ\"","км.",120.546875,0.64,77.150000000000006,92.58,null,"так","так"]
["І.6.14","Розробка проектної документації \"Реконструкція КЛ-6 кВ ТП-123 ком.6 - ТП-124 ком.4 м. Дніпро, ДнРЕМ\"","км.",151.12244897959184,0.49,74.05,88.86,null,"так","так"]
["І.6.15","Розробка проектної документації \"Реконструкція КЛ-6 кВ ЦРП-2 Ф-11 - ТП-209 ком.1 м. Дніпро, ДнРЕМ\"","км.",138.83333333333331,0.54,74.97,89.963999999999999,null,"так","так"]
["І.6.16","Розробка проектної документації  \"Реконструкція КЛ-6 кВ ПС \"КПО\" Ф-10 - ТП-30 ком.1 м. Дніпро, ДнРЕМ\"","км.",77.225000000000009,1.2,92.67,111.20399999999999,null,"так","так"]
["І.6.17","Розробка проектної документації  \"Реконструкція КЛ-6 кВ КП-28 ком. № 1 – ТП-140 ком. № 5, КП-28 ком. № 15 – ТП-140 ком. № 6 ДнРЕМ\"","км.",65.217391304347828,2.2999999999999998,150,180,null,"так","так"]
["І.6.18","Розробка проектної документації  \"Реконструкція КЛ-6 кВ ТП-40 ком.№4 - ТП-10  ком.№6, м. Павлоград\"","км.",132.26190476190476,0.504,66.66,79.99199999999999]
[null,"Усього по розділу І",null,null,null,{"$f":"F67+F9","v":168964.995},{"$f":"G67+G9","v":202757.99400000001}]
["ІІ.1","Зниження понаднармотивних втрат електроенергії в т.ч."]
["ІІ.1.1","Організація рейдової роботи",null,null,null,{"$f":"F89+F90","v":56},{"$f":"G89+G90","v":67.2}]
["ІІ.1.1.1","Штанги токовимірювальні","шт.",4,4,{"$f":"E89*D89","v":16},{"$f":"F89*1.2","v":19.2},null,"так","так"]
["ІІ.1.1.2","Нагрудний відеореєстратор","шт.",5,8,{"$f":"E90*D90","v":40},{"$f":"F90*1.2","v":48},null,"так","так"]
["ІІ.1.2","Покращення обліку електроенергії.",null,null,null,{"$f":"F92","v":586.87199999999996},{"$f":"G92","v":704.24639999999988}]
["ІІ.1.2.1","Улаштування однофазних (без вартості лічильників) вводів в будинки з застосуванням СІП та встановленням ФШО.","шт.",1.1439999999999999,513,{"$f":"E92*D92","v":586.87199999999996},{"$f":"F92*1.2","v":704.24639999999988},null,"так","так"]
["ІІ.3","Створення АСКОЕ побутових споживачів",null,null,null,{"$f":"F94+F95+F96+F97+F98","v":9440.06},{"$f":"G94+G95+G96+G97+G98","v":11328.072}]
["ІІ.3.1","Лічильник однофазний с функцією  PLC (Смарт)","шт.",1.52,5350,{"$f":"D94*E94","v":8132},{"$f":"F94*1.2","v":9758.4},null,"так","так"]
["ІІ.3.2","Лічильник трифазний с функцією PLC (Смарт)","шт.",3.27,146,{"$f":"D95*E95","v":477.42},572.904,null,"так","так"]
["ІІ.3.3","Шафа АСКОЕ \"Побут-PLC\" в комплекті з контролерами","шт.",22.88,28,640.64,768.76799999999992,null,"так","так"]
["ІІ.3.4","Колодка випробувальна","шт.",0.8,50,40,48,null,"так","так"]
["ІІ.3.5","Лічильник трифазний двонаправлений з інтерфейсом RS485","шт.",5,30,150,180,null,"так","так"]
["ІІ.4","Закупівля обладнання під АСКОЕ",null,null,null,{"$f":"F100+F101+F102+F103","v":2191.3999999999996},{"$f":"G100+G101+G102+G103","v":2629.68}]
["ІІ.4.1","Лічильник багатотарифний  типу SL 7000","шт.",12.94,110,{"$f":"D100*E100","v":1423.3999999999999},{"$f":"F100*1.2","v":1708.0799999999997},null,"так","так"]
["ІІ.4.2","Шафа АСКОЕ периметру","шт.",14,20,{"$f":"D101*E101","v":280},336,null,"так","так"]
["ІІ.4.3","Трансформатори струму 6(10) кВ","шт.",8,46,{"$f":"D102*E102","v":368},441.59999999999997,null,"так","так"]
["ІІ.4.4","Трансформатори напруги 6-10 кВ","шт.",12,10,120,144,null,"так","так"]
["ІІ.5","Модернізація лабораторії для перевірки комерційного обліку",null,null,null,{"$f":"F105+F106+F107+F108+F109","v":6875},{"$f":"G105+G106+G107+G108+G109","v":8250}]
["ІІ.5.1","Лабораторія з повірки трансформаторів струму та напруги","шт.",4200,1,{"$f":"D105*E105","v":4200},{"$f":"F105*1.2","v":5040},null,"так","так"]
["ІІ.5.2","Стенд для повірки трифазних лічильників електроенергії","шт.",2000,1,{"$f":"D106*E106","v":2000},2400,null,"так","так"]
["ІІ.5.3","Портативний аналізатор спектру FPH, або аналог","шт.",330,1,{"$f":"D107*E107","v":330},396,null,"так","так"]
["ІІ.5.4","Ручна направлена антена HE400, або аналог.","шт.",320,1,320,384,null,"так","так"]
["ІІ.5.5","Скануючий приймач AOR AR8200 Mk3, або аналог.","шт.",25,1,25,30,null,"так","так"]
["Усього по розділу II:",null,null,null,null,{"$f":"F104+F99+F93+F91+F88","v":19149.331999999999},{"$f":"G104+G99+G93+G91+G88","v":22979.198400000001}]
["III. Впровадження та розвиток АСДТК"]
["III.1","Впровадження комплексy АСДTK  (ЦРП-4)","шт.",1100,1,1228.99,{"$f":"F112*1.2","v":1474.788},null,"так","так"]
["III.2","Впровадження комплексy АСДTK  (ЦРП-5)","шт.",1300,1,1436.58,1723.896,null,"так","так"]
["III.3","Розробка і впровадження системи управління аварійними і плановими відключеннями (OMS) завершення.","шт.",1996,0.5,{"$f":"D114*E114","v":998},1197.5999999999999,null,"так","так"]
["III.4","Проектування РП ( 11 шт., 7 на 2023 р. 4 на 2024 р.)","шт.",{"$f":"F115/E115","v":63.636363636363633},11,700,840,null,"так","так"]
["III.5","Облаштування ПС/РП датчиками відключень для OMS","шт.",{"$f":"2000-62","v":1938},1,1672.43,2006.9159999999999,null,"так","так"]
["Усього по розділу III:",null,null,null,null,{"$f":"F113+F112+F114+F115+F116","v":6036},{"$f":"G113+G112+G114+G115+G116","v":7243.2}]
["IV. Впровадження та розвиток інформаційних технологій"]
["ІV.1","Модернізація існуючих та закупівля нових засобів комп'ютеризації, у т.ч.:",null,null,null,{"$f":"F120+F125+F127","v":1448.4099999999999},{"$f":"G120+G125+G127","v":1738.0920000000001}]
["IV.1.1","Закупівля нових робочих станцій:",null,null,null,{"$f":"F121+F124+F122+F123","v":826.41},{"$f":"G121+G124+G122+G123","v":991.69200000000001}]
["IV.1.1.1","Моноблок","шт.",30,16,{"$f":"E121*D121","v":480},{"$f":"F121*1.2","v":576},null,"так","так"]
["IV.1.1.2","Монитор","шт.",10,10,{"$f":"E122*D122","v":100},120,null,"так","так"]
["IV.1.1.3","Блок ПК","шт.",30,6,{"$f":"E123*D123","v":180},216,null,"так","так"]
["IV.1.1.4","Ноутбук","шт.",33.204999999999998,2,{"$f":"E124*D124","v":66.41},79.691999999999993,null,"так","так"]
["IV.1.2","Інші засоби комп'ютеризації",null,null,null,{"$f":"F126","v":75},{"$f":"G126","v":90}]
["IV.1.2.1","МФУ А4 Лазерний","шт",15,5,{"$f":"D126*E126","v":75},90,null,"так","так"]
["IV.1.3","Мережеве обладнання",null,null,null,{"$f":"F128+F129","v":547},{"$f":"G128+G129","v":656.4}]
["IV.1.3.1","Сервер","шт",250,2,{"$f":"E128*D128","v":500},600,null,"так","так"]
["IV.1.3.2","Комутатор","шт",23.5,2,{"$f":"D129*E129","v":47},56.4,null,"так","так"]
["ІV.2","Модернізація прикладного програмного забезпечення, у т.ч.:",null,null,null,{"$f":"F131+F132+F133+F134+F135","v":5999.9987999999994},{"$f":"G131+G132+G133+G134+G135","v":7199.99856}]
["IV.2.1","ПЗ віртуалізації VMware","шт",200,1,{"$f":"D131*E131","v":200},240,null,"так","так"]
["IV.2.2","Впровадження програми SAP-ISU пром споживачі","шт",3000,0.5,{"$f":"D132*E132","v":1500},1800,null,"так","так"]
["IV.2.3","Розробка та впровадження системи автоматичного відстеження та розрахунку індексів SAIDI, SAIFI, MAIFI, ENS 17 2 єтапи","шт",2900,0.65517199999999998,{"$f":"D133*E133","v":1899.9987999999998},2279.9985599999995,null,"так","так"]
["IV.2.4","Впровадження персонального кабінету споживача ПрАТ ПЕЕМ ЦЕК","шт",300,1,{"$f":"D134*E134","v":300},360,null,"так","так"]
["IV.2.5","Закупівля ліцензій SAP/ERP (15 ліцензій)","шт",140,15,{"$f":"D135*E135","v":2100},2520,null,"так","так"]
["Усього по розділу IV:",null,null,null,null,{"$f":"F119+F130","v":7448.4087999999992},{"$f":"G119+G130","v":8938.0905600000006}]
["V. Впровадження та розвиток систем зв'язку"]
["V.1"," Впровадження та розвиток систем зв'язку"]
["V.1.1","IP телефон","шт",3.4,{"$f":"29-1","v":28},{"$f":"E139*D139","v":95.2},{"$f":"F139*1.2","v":114.24},null,"так","так"]
["V.1.2","Маршрутизатор","шт",7,10,{"$f":"E140*D140","v":70},84,null,"так","так"]
["Усього по розділу V:",null,null,null,null,{"$f":"F139+F140","v":165.2},{"$f":"G139+G140","v":198.24}]
["VI. Модернізація та закупівля колісної техніки"]
["VI.1","Автобус ЗАЗ А08 А08А1В","шт",1601.7,1,{"$f":"D143*E143","v":1601.7},{"$f":"F143*1.2","v":1922.04},null,"так","так"]
["VI.2","Renault Dokker","шт",440,10,{"$f":"D144*E144","v":4400},5280,null,"так","так"]
["VI.3","Ford Transit Custom Kombi 2.0D MT F320 L1H1 105 Trend","шт",718,2,{"$f":"D145*E145","v":1436},1723.2,null,"так","так"]
["VI.4","Ford Ranger","шт",970.6,1,970.6,1164.72,null,"так","так"]
["VI.5","Лабораторія ESTL-35 Plus на базі Ford Transit L3H3","шт",1634.42,1,1634.42,1961.3040000000001,null,"так","так"]
["Усього по розділу VI:",null,null,null,null,{"$f":"F144+F143+F145+F146+F147","v":10042.719999999999},{"$f":"G144+G143+G145+G146+G147","v":12051.263999999999}]
["VII. Інше"]
["VII.1","Обладнання, що не вимагає монтажу"]
["VII.1.1","Пробовідбірник трансформаторного масла «ELCHROM» об’ємом 20 мл","шт",10,1,{"$f":"E151*D151","v":10},{"$f":"F151*1.2","v":12},null,"так","так"]
["VII.1.2","Установка для випробування оболонки та локалізації пошкодження оболонки в кабелі зі сшитого поліетилену Shirla BAUR + Пошуковий приймач Protrac","шт",600,1,{"$f":"E152*D152","v":600},720,null,"так","так"]
["VII.1.3","Реєстратор якості електричної енергії Metrel MI 2892 EU Q4","шт",108,2,{"$f":"E153*D153","v":216},{"$f":"F153*1.2","v":259.2},null,"так","так"]
["VII.1.4","Бензиновий електрогенератор AGT 12501 HSBE R16","шт",123.85,1,{"$f":"E154*D154","v":123.85},148.61999999999998]
["VII.1.5","Лабораторний автотрансформатор трифазного (виробник: RUSELF,  модель LTC-3-3000)","шт",8.56,1,{"$f":"E155*D155","v":8.56},10.272,null,"так","так"]
["Усього по розділу VII:",null,null,null,"розділу,00",{"$f":"F155+F152+F151+F153+F154","v":958.41},{"$f":"G155+G152+G151+G154+G153","v":1150.0920000000001}]
["Усього по програмі:",null,null,null,"по,00",{"$f":"F156+F148+F141+F136+F117+F110+F86","v":212765.06579999998},{"$f":"G156+G148+G141+G136+G117+G110+G86","v":255318.07896000001}]
[]
["* Довжина ліній електропередачі вказується по трасі ліній.  (перевірено)"]
[]
[null,"Керівник ліцензіата                                         ___________________",null," ",null,null,null,null,null,"М.В. Корса"]
[null,"(або особа, яка виконує його обов'язки)                       (підпис)",null,null,null,null,null,null,null,"(прізвище, ім'я, по батькові)"]
[]
[null,"\"____\" ____________ 2020___ року",null,null,null,"  М. П. "]